|
|
|
|
| LEADER |
00000cam a2200000 a 4500 |
| 001 |
vtls001124164 |
| 003 |
SK-MaSNL |
| 005 |
20260301062809.0 |
| 008 |
250414s1987 xo e d 00000 slo |
| 015 |
|
|
|a SNBA1988/03
|
| 035 |
|
|
|a SNK000067007
|
| 040 |
|
|
|a SNK
|b slo
|c SNK
|e AACR2
|
| 041 |
0 |
|
|a slo
|
| 044 |
|
|
|a xo
|c SK
|
| 080 |
|
|
|a 803.0-316.4:612.31(075.8)
|2 1981
|
| 080 |
|
|
|a 612.31(075.8)
|2 1981
|
| 100 |
1 |
|
|a Andrik, Pavel,
|d 1917-1991
|4 aut
|9 42430
|
| 245 |
1 |
0 |
|a Nemecko-slovenská a slovensko-nemecká stomatologická terminológia
|c Pavel Andrik
|
| 250 |
|
|
|a 1. vyd.
|
| 260 |
|
|
|a Bratislava
|b Univerzita Komenského
|c 1987
|e Nitra
|f Nitrianske tlačiarne
|
| 300 |
|
|
|a 185 s.
|c 21 cm
|
| 366 |
|
|
|e 235 výt.
|
| 490 |
1 |
|
|a Vysokoškolské skriptá
|
| 810 |
2 |
|
|a Univerzita Komenského v Bratislave.
|b Lekárska fakulta
|t Vysokoškolské skriptá
|9 277420
|
| 852 |
|
|
|a Slovenská národná knižnica
|
| 954 |
|
|
|a nemčina
|a terminológia stomatologická
|
| 958 |
|
|
|a OND
|
| 958 |
|
|
|a TL
|
| 958 |
|
|
|a UV
|
| 999 |
|
|
|c 621920
|d 623850
|
| 952 |
|
|
|a SNK
|b SNK
|y VYP
|7 0
|p 17A1138525
|o snkSC 70761 D1
|i snkKSP 564/88
|0 0
|1 0
|4 0
|d 2015-02-24
|l 0
|r 2026-02-23 16:59:02
|w 2026-02-23
|